000
00219nam a22000857a 4500
999
_c
23741
_d
23741
005
20250212123856.0
008
250212b ||||| |||| 00| 0 eng d
040
_c
sk
245
_a
Slovenské školstvo v medzinárodnom kontexte